[Event "ch-RUS HL"]
[Site "Ulan Ude RUS"]
[Date "2009.09.11"]
[Round "9"]
[White "Yudin,S"]
[Black "Shomoev,A"]
[Result "1/2-1/2"]
[WhiteElo "2599"]
[BlackElo "2566"]

1.d4 Nf6 2.Bg5 d5 3.Bxf6 exf6 4.e3 Bd6 5.c4 dxc4 6.Bxc4 f5 7.Nc3 Nd7 8.Nge2 Nf6
9.Qc2 a6 10.h3 g6 11.O-O O-O 12.a3 b6 13.e4 fxe4 14.Nxe4 Nxe4 15.Qxe4 Rb8
16.Nc3 b5 17.Bd5 b4 18.axb4 Rxb4 19.b3 Bf5 20.Qe3 Re8 21.Qd2 c5 22.Bc4 cxd4
23.Nd5 Rb7 24.Rxa6 Be5 25.Re1 Bg7 26.Rxe8+ Qxe8 27.Qa5 Kh8 28.Nc7 Qd8 29.Nb5 Qxa5
30.Rxa5 Be5 31.g4 Bd7 32.Kf1 h5 33.f3 hxg4 34.hxg4 Kg7 35.Ke2 f5 36.gxf5 Bxf5
37.Ra7 Rxa7 38.Nxa7 Bd7 39.Bb5 Bb8 40.Bxd7 Bxa7 41.Bb5  1/2-1/2

[Event "TCh-SRB 1st League"]
[Site "Kragujevac SRB"]
[Date "2009.09.12"]
[Round "11"]
[White "Perunovic,Mio"]
[Black "Ostojic,N1"]
[Result "0-1"]
[WhiteElo "2439"]
[BlackElo "2412"]

1.d4 Nf6 2.Bg5 c5 3.d5 Qb6 4.Nc3 Qxb2 5.Bd2 Qb6 6.e4 e5 7.f4 d6 8.Nf3 exf4
9.e5 Ng4 10.Bxf4 dxe5 11.Nxe5 Nxe5 12.Bxe5 f6 13.Bg3 Bd6 14.Bb5+ Bd7 15.Qh5+ g6
16.Qe2+ Kd8 17.Bxd7 Nxd7 18.O-O Bxg3 19.hxg3 Re8 20.Qc4 Qb4 21.Qxb4 cxb4
22.Nb5 Re5 23.Rad1 a6 24.Nd4 Kc7 25.Rf4 Kd6 26.Rb1 Rxd5 27.Rxb4 b6 28.Nb3 Re8
29.c4 Rd1+ 30.Kf2 Kc6 31.a4 Rde1 32.g4 R1e4 33.Kg3 Rxf4 34.Kxf4 Nc5 35.Nd4+ Kc7
36.Kf3 a5 37.Rb1 Nxa4 38.Nc2 Nc5 39.Ne3 Nd7 40.Nd5+ Kc6 41.Rh1 Ne5+ 42.Kg3 Nxc4
43.Nxf6 Re7 44.Nxh7 b5 45.Rh6 Ne5 46.Nf8 b4 47.Nxg6 Nxg6 48.Rxg6+ Kb5  0-1

[Event "USCL 2009"]
[Site "ICC INT"]
[Date "2009.09.14"]
[Round "3"]
[White "Stripunsky,A"]
[Black "Kacheishvili,G"]
[Result "1/2-1/2"]
[WhiteElo "2556"]
[BlackElo "2606"]

1.d4 Nf6 2.Bg5 d5 3.Nd2 c6 4.e3 Qb6 5.Rb1 Bf5 6.Bxf6 exf6 7.Ne2 Bd6 8.Ng3 Bg6
9.Bd3 Bxd3 10.cxd3 g6 11.O-O a5 12.Ne2 O-O 13.Nc3 Nd7 14.g3 Rfe8 15.Qa4 Qd8
16.Qc2 f5 17.a3 Re6 18.Rfe1 Qe7 19.Nf3 h6 20.Kg2 Re8 21.Ne2 g5 22.Nc3 Kg7
23.Qa4 Qd8 24.Qb3 b5 25.Rbc1 Nf8 26.Nb1 Bc7 27.a4 b4 28.Nbd2 Ng6 29.Kf1 Qd7
30.Qc2 Rf6 31.Kg2 Re7 32.Qc5 Rfe6 33.Nb3 f4 34.exf4 Re2 35.Ne5 R7xe5 36.dxe5 Qg4
37.Kf1 Rxb2 38.e6 Nxf4 39.Qd4+ f6 40.gxf4 Qh3+ 41.Kg1 Qg4+ 42.Kh1 Qf3+  1/2-1/2

[Event "USCL 2009"]
[Site "ICC INT"]
[Date "2009.09.16"]
[Round "3"]
[White "Rensch,D"]
[Black "Lee,Micha"]
[Result "0-1"]
[WhiteElo "2392"]
[BlackElo "2347"]

1.d4 Nf6 2.Bg5 d5 3.Bxf6 exf6 4.e3 Bd6 5.g3 c6 6.Bg2 Bf5 7.Nd2 Qd7 8.Ne2 h5
9.Nf3 Na6 10.a3 Nc7 11.Qd2 Bh3 12.Bxh3 Qxh3 13.O-O-O Qg4 14.Ne1 O-O-O 15.h3 Qd7
16.Qd3 Na8 17.c4 dxc4 18.Qxc4 Nb6 19.Qc2 Qe6 20.Kb1 Kb8 21.Nd3 g6 22.Ndf4 Qc4
23.h4 Rhe8 24.Qxc4 Nxc4 25.Kc2 Bc7 26.Rd3 Nd6 27.Rb3 Nf5 28.Nd3 Bb6 29.Rc1 g5
30.Rh1 gxh4 31.gxh4 Re4 32.Rc3 Rxh4 33.Rxh4 Nxh4 34.Ng3 Rh8 35.Nf4 Ng6 36.Nfxh5 f5
37.f4 Ne7 38.Ng7 Rh2+ 39.Kb3 Nd5 40.Rd3 a5 41.N7xf5 a4+ 42.Ka2 Ba5 43.Ne4 b5
44.Kb1 b4 45.Nc5 Rh1+ 46.Ka2 b3+ 47.Nxb3 axb3+ 48.Rxb3+ Kc7 49.e4 Nxf4 50.d5 Ne2
51.Re3 Nc1+ 52.Kb1 Bb6 53.Rf3 Nd3+ 54.Ka2 Nc1+ 55.Kb1 Nd3+ 56.Ka2 Ne5 57.Rc3 c5
58.Kb3 Rh2 59.Ne3 Re2 60.a4 Rxe3  0-1

[Event "TCh-ROU Superliga"]
[Site "Eforie Nord ROU"]
[Date "2009.09.20"]
[Round "2"]
[White "Ionescu,D"]
[Black "Cioara,A"]
[Result "1/2-1/2"]
[WhiteElo "2388"]
[BlackElo "2415"]

1.d4 Nf6 2.Bg5 d5 3.Bxf6 exf6 4.e3 Bd6 5.Bd3 c6 6.Qf3 g6 7.Ne2 f5 8.Nd2 Nd7
9.c4 dxc4 10.Nxc4 Bb4+ 11.Nc3 Nf6 12.O-O O-O 13.a3 Be7 14.b4 Be6 15.Na5 Rb8  1/2-1/2

[Event "TCh-ROU Superliga"]
[Site "Eforie Nord ROU"]
[Date "2009.09.24"]
[Round "6"]
[White "Rogozenco,D"]
[Black "Voiteanu,G"]
[Result "1-0"]
[WhiteElo "2541"]
[BlackElo "2248"]

1.d4 Nf6 2.Bg5 d5 3.Bxf6 exf6 4.g3 f5 5.Bg2 Bd6 6.e3 O-O 7.Ne2 c6 8.O-O Nd7
9.b3 Nf6 10.c4 Be6 11.Nd2 Ne4 12.c5 Be7 13.Qc2 Nxd2 14.Qxd2 b6 15.cxb6 axb6
16.a4 Qd6 17.Rfb1 Qb4 18.Qd1 Rfd8 19.Nf4 Rd7 20.Nd3 Qd6 21.b4 Rda7 22.Qc2 g6
23.Rc1 Rc8 24.Bf1 h5 25.h4 Kg7 26.Qc3 f4 27.exf4 Bf5 28.Ne5 Qxb4 29.Qxb4 Bxb4
30.Rxc6 Bc3 31.Ra3 Bxd4 32.Rxc8 Bxe5 33.Rd8 Bb2 34.Ra2 Bc3 35.Bb5 Re7 36.Re8 Rxe8
37.Bxe8 d4 38.Bb5 Be6 39.Re2 Bg4 40.Re8 Bb4 41.Bd3 Bd1 42.Ra8 Ba5 43.Rd8 Bxa4
44.Rxd4 Be8 45.f5 Kf6 46.Rd6+ Ke7 47.fxg6  1-0

[Event "TCh-ROU Superliga"]
[Site "Eforie Nord ROU"]
[Date "2009.09.26"]
[Round "8"]
[White "Valeanu,E"]
[Black "Voiteanu,G"]
[Result "1/2-1/2"]
[WhiteElo "2457"]
[BlackElo "2248"]

1.d4 Nf6 2.Bg5 d5 3.Bxf6 exf6 4.g3 f5 5.e3 Bd6 6.Bg2 O-O 7.Ne2 c6 8.O-O Nd7
9.Qd3 Nf6 10.c4 dxc4 11.Qxc4 Be6 12.Qc2 g6 13.Nbc3 Re8 14.Rfd1 Qe7 15.a3 h5
16.h4 Bd7 17.d5 c5 18.a4 Ne4 19.Nf4 b6 20.Nb5 Bxb5 21.axb5 Bxf4 22.exf4 Nd6
23.Bf1 Qd7 24.b4  1/2-1/2

[Event "74th ch-ESP Absoluto"]
[Site "Palma de Mallorca ESP"]
[Date "2009.09.27"]
[Round "2"]
[White "Bellon Lopez,JuM"]
[Black "Jimenez de la Torre,J"]
[Result "1-0"]
[WhiteElo "2430"]
[BlackElo "2175"]

1.d4 Nf6 2.Bg5 d5 3.Bxf6 exf6 4.e3 g6 5.c4 dxc4 6.Bxc4 Bg7 7.h4 h5 8.Ne2 Nc6
9.Nbc3 f5 10.Nf4 Ne7 11.Rc1 a6 12.a4 c6 13.b4 b5 14.axb5 axb5 15.Bb3 Qd6
16.Nd3 f4 17.Ne4 Qd8 18.Nxf4 Bf5 19.Ng5 O-O 20.O-O Qd6 21.Rc5 Ra3 22.g3 Bh6
23.Bc2 f6 24.Bb3+ Kh8 25.Rxf5 Bxg5 26.Nxg6+ Kg7 27.Nxf8 Nxf5 28.Ne6+ Kg6
29.hxg5 fxg5 30.Qb1 Kf6 31.Nc5  1-0

[Event "74th ch-ESP Absoluto"]
[Site "Palma de Mallorca ESP"]
[Date "2009.09.30"]
[Round "5"]
[White "Ruiz Marana,A"]
[Black "Sarto Ramos,A"]
[Result "1-0"]
[WhiteElo "2204"]
[BlackElo "2037"]

1.d4 Nf6 2.Bg5 g6 3.Bxf6 exf6 4.c4 Bg7 5.Nc3 O-O 6.g3 d6 7.Bg2 f5 8.e3 Nd7
9.Nge2 c6 10.O-O Nf6 11.Rb1 Re8 12.b4 Ne4 13.Qd3 Qe7 14.b5 h5 15.h4 g5 16.hxg5 Qxg5
17.bxc6 bxc6 18.Nxe4 fxe4 19.Bxe4 d5 20.cxd5 cxd5 21.Bh7+ Kh8 22.Nf4 a5 23.Rb6 h4
24.Kg2 Be6 25.Rh1 Reb8 26.Rxb8+ Rxb8 27.Rxh4 Bh6 28.Qc2 Bg4 29.Qc7 Re8 30.Qxf7  1-0

[Event "69th ch-ITA s/f"]
[Site "Arvier ITA"]
[Date "2009.10.01"]
[Round "6"]
[White "Bentivegna,F"]
[Black "Ricci,M"]
[Result "1-0"]
[WhiteElo "2324"]
[BlackElo "1721"]

1.d4 Nf6 2.Bg5 d5 3.e3 Ne4 4.Bf4 c6 5.Bd3 Qb6 6.Bxe4 Qxb2 7.Nd2 dxe4 8.Ne2 Nd7
9.O-O Nf6 10.c4 Qa3 11.Qc2 Bf5 12.Nc3 b6 13.Rab1 e6 14.c5 bxc5 15.Rb7 Be7
16.Na4 Nd5 17.Nc4 Qd3 18.Qxd3 exd3 19.Bd6 cxd4 20.e4 Nc3 21.Rxe7+ Kd8 22.exf5 Nxa4
23.Ne5 Kc8 24.Nxc6  1-0

[Event "74th ch-ESP Absoluto"]
[Site "Palma de Mallorca ESP"]
[Date "2009.10.01"]
[Round "6"]
[White "Bellon Lopez,JuM"]
[Black "Cabrera,Ale"]
[Result "1/2-1/2"]
[WhiteElo "2430"]
[BlackElo "2529"]

1.d4 Nf6 2.Bg5 d5 3.Bxf6 exf6 4.e3 Bd6 5.c4 dxc4 6.Bxc4 f5 7.Nf3 Nd7 8.Nc3 Nf6
9.Qc2 a6 10.a3 Qe7 11.Nd5 Nxd5 12.Bxd5 O-O 13.O-O Rd8 14.Bc4 Bd7 15.Rfe1 Qf6
16.Qc3 Re8 17.Rac1 a5 18.Ne5 Bxe5 19.dxe5 Rxe5 20.f4 Re7 21.Qxf6 gxf6 22.Bd5 c6
23.Bf3 Be6 24.Red1 Rd7 25.Rxd7 Bxd7 26.Rc5 Kf8 27.Kf2 Ke7 28.Ke1 Kd6 29.Rc3 Be6
30.Kd2 Rb8 31.Kc2 c5 32.Rd3+ Ke7 33.a4 b6 34.Bc6 Rc8 35.Bb7 Rc7 36.Ba6 Bd7
37.b3 c4 38.Bxc4 Bxa4 39.Rc3 Bc6 40.Bd3 Ke6 41.Kb2 h6 42.g3 Rc8 43.Ba6 Rc7
44.Bd3 Rc8 45.Ba6 Rc7 46.Bd3 Kd6 47.Bxf5 b5 48.Rc1 Re7 49.Rd1+ Kc5 50.Rc1+ Kb6
51.Re1 Re8 52.e4 Rd8 53.Re2 Rd4 54.e5 fxe5 55.fxe5 Kc5 56.Rc2+ Kb6 57.e6 fxe6
58.Bxe6 Be4 59.Rf2 Kc5 60.Bf5 Bd5 61.Bc8 Bc6 62.Rf4 Rd5 63.Rh4 Rd6 64.Rf4 Kd5
65.Rf5+ Kd4 66.g4 Be8  1/2-1/2

[Event "FSIMB October"]
[Site "Budapest HUN"]
[Date "2009.10.07"]
[Round "5"]
[White "Turzo,A"]
[Black "Kislik,E"]
[Result "1/2-1/2"]
[WhiteElo "2314"]
[BlackElo "2339"]

1.d4 Nf6 2.Bg5 g6 3.Bxf6 exf6 4.e3 f5 5.g3 h5 6.Bg2 Bg7 7.h4 d6 8.Ne2 O-O
9.c4 c5 10.Nbc3 Nd7 11.Qc2 a6 12.O-O Rb8 13.a4 b6 14.Rab1 Bb7 15.b4 Bxg2
16.Kxg2 Re8 17.b5 a5 18.Nd5 Qc8 19.Rbd1 Rb7 20.Rd2 Nf8 21.dxc5 dxc5 22.Rfd1 Nd7
23.Ndf4 Qa8 24.Nd5 Ne5 25.Nef4 Rd7 26.f3 Qb7 27.Re2 Rdd8 28.e4 fxe4 29.Rxe4 Kf8
30.Rde1 Qb8 31.Nd3 f5 32.R4e2 Nxd3 33.Qxd3 Bd4 34.Re6 Rxe6 35.Rxe6 Rd6 36.Qe2 Qd8
37.Nf4 Kf7 38.Rxd6 Qxd6 39.Nd5 Bf6 40.Qe3 Bd8 41.Qh6 Bf6 42.Qe3 Bd4 43.Qe2 Bf6
44.Kh3 Bd8 45.Qd3 Qe5 46.Nf4 Bxh4 47.Qd7+ Be7 48.Qc6 Qf6 49.Qd5+ Kg7 50.Qd7 Kh6
51.Qd2 Qd4 52.Nd3+ Bg5 53.f4 Bf6 54.Qc2 Qg1 55.Qg2 Qd4 56.Ne5 Bxe5 57.fxe5 Qxc4
58.Qd2+ Kh7 59.Qd7+ Kh8 60.e6 Qf1+ 61.Kh2 f4 62.Qe8+ Kg7 63.Qf7+ Kh6 64.Qf8+ Kh7
65.Qf7+ Kh6 66.Qf8+  1/2-1/2

[Event "Panamericano U20"]
[Site "Montevideo URU"]
[Date "2009.10.07"]
[Round "2"]
[White "Garcia Guerrero,I"]
[Black "Cucchi,N"]
[Result "1-0"]
[WhiteElo "2156"]
[BlackElo "1963"]

1.d4 Nf6 2.Bg5 d5 3.Bxf6 gxf6 4.e3 c5 5.c3 e6 6.Bd3 Nc6 7.Ne2 Be7 8.Nd2 e5
9.dxc5 Bxc5 10.e4 Qb6 11.exd5 Bxf2+ 12.Kf1 Ne7 13.Nc4 Qc5 14.b4 Qxd5 15.Kxf2 e4
16.Nd6+ Kf8 17.Bxe4 Qg5 18.Qc1 Qh4+ 19.g3 Qh5 20.Bf3 Qe5 21.Qh6+  1-0

[Event "Panamericano U20"]
[Site "Montevideo URU"]
[Date "2009.10.10"]
[Round "6"]
[White "Tristan,L"]
[Black "Vazquez Reyes,R"]
[Result "1-0"]
[WhiteElo "2412"]
[BlackElo "2137"]

1.d4 Nf6 2.Bg5 c5 3.d5 Ne4 4.Bf4 Qb6 5.Bc1 e6 6.f3 Nf6 7.c4 d6 8.Nc3 a6 9.e4 g6
10.Bg5 Bg7 11.Qd2 O-O 12.O-O-O Qa5 13.Kb1 b5 14.dxe6 Bxe6 15.Bxf6 Bxf6 16.Nd5 Qd8
17.Nxf6+ Qxf6 18.Qxd6 Nd7 19.Ne2 Bxc4 20.Qxf6 Nxf6 21.Nf4 Bxf1 22.Rhxf1 Rfd8
23.e5 Ne8 24.Nd5 Kf8 25.Kc2 Ra7 26.Nb6 Rxd1 27.Rxd1 Kg7 28.Rd5 Rc7 29.Nd7 c4
30.Nc5 Rc6 31.Ne4 Nc7 32.Rd7 Ne6 33.Nd6 Nc5 34.Rxf7+ Kg8 35.Re7 Nd3 36.Ne4 Kf8
37.Rxh7 Nxe5 38.Rb7 Nd3 39.a3 Ne1+ 40.Kc3 Nxg2 41.Kd4 Ne1 42.Kd5 Rc8 43.Nd6 c3
44.bxc3 Rxc3 45.f4 Re3 46.f5 Rd3+ 47.Ke6 gxf5 48.Nxf5 Rd8 49.Kf6 Nf3 50.Rf7+ Kg8
51.Ne7+ Kh8 52.Ng6+ Kg8 53.Rg7+  1-0

[Event "FSIMB October"]
[Site "Budapest HUN"]
[Date "2009.10.12"]
[Round "9"]
[White "Turzo,A"]
[Black "Nguyen,T"]
[Result "1/2-1/2"]
[WhiteElo "2314"]
[BlackElo "2437"]

1.d4 d5 2.Bg5 Nf6 3.Bxf6 exf6 4.e3 Bd6 5.g3 c6 6.Bg2 f5 7.Ne2 g6 8.Qd3 Nd7
9.Nd2 Nf6 10.c4 Be6 11.Nc3 Qd7 12.cxd5 Nxd5 13.Nxd5 Bxd5 14.Bxd5 cxd5 15.Qb3 Be7
16.Nb1 h5 17.Nc3 Rd8 18.h4 O-O 19.O-O-O Rc8 20.Kb1 Rfd8 21.Rc1 a6 22.Ne2 b5
23.Rxc8 Rxc8 24.Nf4 Rc4 25.Rc1 Qc6 26.Qd1 Bd6 27.Nd3 Qe8 28.b3 Rxc1+ 29.Qxc1 Kg7
30.b4 Qe4 31.Qc2 f4 32.exf4 Kh7 33.f5 Qxd4 34.fxg6+ fxg6 35.a3 Be5 36.Nxe5 Qxe5
37.Qd2 Qe4+ 38.Qc2 Qc4 39.Kb2 Qd4+ 40.Kb1 Qc4  1/2-1/2

[Event "Panamericano U20"]
[Site "Montevideo URU"]
[Date "2009.10.12"]
[Round "9"]
[White "Meza,Hu"]
[Black "Cucchi,N"]
[Result "1-0"]
[WhiteElo "2276"]
[BlackElo "1963"]

1.d4 Nf6 2.Bg5 d5 3.e3 e6 4.c4 Nbd7 5.cxd5 exd5 6.Nc3 Bb4 7.Bd3 c5 8.Ne2 Qa5
9.dxc5 O-O 10.O-O Re8 11.a3 Bxc3 12.Nxc3 Qxc5 13.Rc1 Qb6 14.Nb5 Re7 15.Nc7 Rb8
16.Bb1 Nf8 17.Bxf6 Rxc7 18.Bd4 Rxc1 19.Qxc1 Qc6 20.Bxa7 Ra8 21.Bd4 Qxc1 22.Rxc1 Bd7
23.Ba2 Bc6 24.Rd1 Rd8 25.Bb6 Rd7 26.b4 Ng6 27.Bb3 Ne7 28.a4 Nc8 29.Bd4 b6
30.Rc1 Bb7 31.Bd1 f5 32.Be2 Kf7 33.g4 g6 34.gxf5 gxf5 35.Kg2 Ke6 36.Kf3 Rf7
37.Rg1 Re7 38.Bd3 Rf7 39.Rg7  1-0

[Event "Arco Open A"]
[Site "Arco ITA"]
[Date "2009.10.18"]
[Round "2"]
[White "Clech,JL"]
[Black "Arakhamia,K"]
[Result "0-1"]
[WhiteElo "2052"]
[BlackElo "2499"]

1.d4 Nf6 2.Bg5 d5 3.Bxf6 exf6 4.e3 Bd6 5.g3 Nd7 6.Bg2 c6 7.Ne2 f5 8.Nd2 Nf6
9.b3 Ne4 10.a3 Qe7 11.Qc1 Nxd2 12.Kxd2 O-O 13.Rd1 Re8 14.Bf3 g5 15.Kc3 b5
16.Kb2 Rb8 17.Rg1 Rb6 18.a4 Ra6 19.Nc3 b4 20.Ne2 Be6 21.Qd2 c5 22.dxc5 Be5+
23.Nd4 Qxc5 24.Rac1 Rb8 25.Be2 Rab6 26.f4 Bf6 27.h4 g4 28.Rge1 Bd7 29.Ra1 Re6
30.Ka2 Rxe3 31.Qxe3 Bxd4 32.Qd3 Bxa1 33.Rxa1 Re8 34.Rd1 Re3  0-1

[Event "Guernsey Open"]
[Site "Guernsey GCI"]
[Date "2009.10.20"]
[Round "3"]
[White "Collier,D"]
[Black "Gant,C"]
[Result "1-0"]
[WhiteElo "2125"]
[BlackElo "2235"]

1.d4 Nf6 2.Bg5 c5 3.Bxf6 gxf6 4.d5 d6 5.c4 Na6 6.Nc3 Nc7 7.e3 Rb8 8.Nf3 a6
9.a4 b6 10.Bd3 h5 11.Nh4 Bg4 12.Qc2 Qc8 13.f4 Bh6 14.Kf2 Bd7 15.Bf5 Bxf5
16.Qxf5 Qxf5 17.Nxf5 Bf8 18.Ne4 Kd7 19.b3 Ne8 20.g3 Kc7 21.Rhd1 Rd8 22.Nc3 Rg8
23.Nh4 f5 24.Nxf5 e6 25.dxe6 fxe6 26.Nh4 Bg7 27.Rac1 Nf6 28.Nf3 d5 29.a5 Ng4+
30.Ke2 Nxe3 31.Nxd5+ exd5 32.Kxe3 Rge8+ 33.Kf2 d4 34.axb6+ Kxb6 35.Re1 Ka5
36.Ra1+ Kb4 37.Rxa6 Kxb3 38.Rc1 d3 39.Rb6+ Ka2 40.Rd1 Re2+ 41.Kf1 Rc2 42.Ne1 Rxh2
43.Rxd3 Rh1+ 44.Kg2 Rxd3 45.Nxd3 Rd1 46.Nxc5 Rc1 47.Ne6 Bc3 48.c5 Be1 49.c6 Rc2+
50.Kh3 Rc3 51.Kh4 Bxg3+ 52.Kxh5 Ka3 53.Kg5 Ka4 54.c7 Rc4 55.Rb7  1-0

[Event "17th TCh-Eur"]
[Site "Novi Sad SRB"]
[Date "2009.10.22"]
[Round "1"]
[White "Miladinovic,I"]
[Black "Papaioannou,I"]
[Result "1/2-1/2"]
[WhiteElo "2547"]
[BlackElo "2628"]

1.d4 Nf6 2.Bg5 d5 3.e3 c6 4.Bd3 Bg4 5.f3 Bh5 6.Ne2 e6 7.h4 Be7 8.g4 Bg6 9.Bf4 Qa5+
10.Nbc3 Bxd3 11.cxd3 Nbd7 12.a3 O-O 13.Kf2 Qd8 14.Bg3 a6 15.Kg2 c5 16.dxc5 Bxc5
17.d4 Be7 18.Qd3  1/2-1/2

[Event "WJun"]
[Site "Puerto Madryn ARG"]
[Date "2009.10.22"]
[Round "1"]
[White "Ibarra Chami,L"]
[Black "Goncalves,M"]
[Result "1-0"]
[WhiteElo "2393"]
[BlackElo "1865"]

1.d4 Nf6 2.Bg5 d5 3.Nd2 c5 4.dxc5 Qa5 5.c3 Qxc5 6.Bxf6 gxf6 7.e4 dxe4 8.Nxe4 Qe5
9.Bd3 f5 10.Nf3 Qe6 11.Nd4 Qe5 12.Qh5 Nd7 13.Qxf5 Nc5 14.Bb5+  1-0

[Event "Chigorin Mem Open"]
[Site "St Petersburg RUS"]
[Date "2009.10.22"]
[Round "7"]
[White "Vlasenko,M"]
[Black "Berdychevaskaya,N"]
[Result "1-0"]
[WhiteElo "2384"]
[BlackElo "2215"]

1.d4 Nf6 2.Bg5 g6 3.Bxf6 exf6 4.g3 d5 5.Bg2 Bg7 6.e3 c6 7.Ne2 O-O 8.Nd2 Qd6
9.O-O Re8 10.c4 Be6 11.Qb3 Re7 12.cxd5 Bxd5 13.Bxd5 cxd5 14.Qa3 Qxa3 15.bxa3 Nc6
16.Rfc1 Rd8 17.Rab1 f5 18.h4 f6 19.Rb5 Bh6 20.Nb3 Nb8 21.Nc3 Kf7 22.Nxd5 Red7
23.Nf4 b6 24.a4 Rd6 25.a5 bxa5 26.Rc7+ R8d7 27.Rxd7+ Nxd7 28.Rb7 a6 29.Nxa5 Bxf4
30.gxf4 Ke7 31.Ra7 Rb6 32.Nb3 Ke6 33.Nc5+ Nxc5 34.dxc5 Rc6 35.Rxh7 Rxc5 36.Rg7 Ra5
37.Rxg6 Kf7 38.Rg3 Rxa2 39.h5 Rb2 40.h6 Rb8 41.Rg7+ Ke6 42.h7 Rh8 43.Kf1 a5
44.Ke2 Kd5 45.Kd3 a4 46.Ra7 a3 47.Rxa3 Rxh7 48.Ra5+ Ke6 49.Ra6+ Kf7 50.Ra7+ Kg6
51.Rxh7 Kxh7 52.Kd4 Kh6 53.Kd5 Kh5 54.Ke6 Kg6 55.f3  1-0

[Event "17th TCh-Eur"]
[Site "Novi Sad SRB"]
[Date "2009.10.23"]
[Round "2"]
[White "Karttunen,M"]
[Black "Jeitz,C"]
[Result "1/2-1/2"]
[WhiteElo "2426"]
[BlackElo "2253"]

1.d4 Nf6 2.Bg5 c5 3.dxc5 Qa5+ 4.Qd2 Qxc5 5.Nc3 d6 6.e4 a6 7.O-O-O Nbd7 8.Be3 Qc6
9.f3 e6 10.Bf4 e5 11.Bg5 h6 12.Be3 b5 13.Nge2 Nb6 14.Nd5 Nfxd5 15.exd5 Qc7
16.Ng3 Bb7 17.Bxb6 Qxb6 18.f4 Be7 19.h4 O-O-O 20.f5 g6 21.fxg6 fxg6 22.Ne4 Kb8
23.Qb4 Ka7 24.Rh3 Rhf8 25.Qe1 Rf4 26.h5 Rdf8 27.Bd3 g5 28.a4 Bxd5 29.axb5 axb5
30.Nc3 Bc6 31.Bxb5 Bxg2 32.Re3 Bb7 33.b3 Rf3 34.Rxf3 Rxf3 35.Be2 Rf4 36.Kb2 Kb8
37.Nd5 Bxd5 38.Rxd5 Kc7 39.Rb5 Qd4+ 40.Ka2 Qa7+ 41.Ra5 Qd4 42.Rb5 Qa7+ 43.Kb1 Bf6
44.Qc3+ Kd7 45.Qh3+ Ke7 46.Qc8 Qg1+ 47.Ka2 Qa7+ 48.Kb2 Qd4+ 49.Ka2 Qa7+ 50.Kb1 Qg1+
51.Ka2  1/2-1/2

[Event "Chigorin Mem Open"]
[Site "St Petersburg RUS"]
[Date "2009.10.23"]
[Round "8"]
[White "Ponomarev,Dm"]
[Black "Gabrielian,A"]
[Result "1/2-1/2"]
[WhiteElo "2343"]
[BlackElo "2513"]

1.d4 Nf6 2.Bg5 d5 3.Bxf6 exf6 4.e3 Bd6 5.g3 c6 6.Bg2 Nd7 7.Ne2 f5 8.Nd2 Nf6
9.c4 dxc4 10.Nxc4 Bb4+ 11.Nc3 Nd5 12.Qc2 Be6 13.O-O Nxc3 14.bxc3 Bxc4 15.cxb4 Bxf1
16.Rxf1 O-O 17.Qxf5 g6 18.Qc5 Qb6 19.a4 Qa6 20.Qc2 Rab8 21.Rc1 Qb6 22.Qc3 a5
23.bxa5 Qa7 24.Bf1 Ra8 25.a6 bxa6 26.Qxc6 Qb8 27.Bxa6 Qb2 28.Bb5 Rab8 29.Kg2 Rfd8
30.Qc7 Rf8 31.h4 h5 32.Rc5 Qb1 33.Qc6 Kg7 34.Rc1 Qa2 35.Rc2 Qb1 36.Qc3 Kh7
37.Qc6 Kg7  1/2-1/2

[Event "Chigorin Mem Open"]
[Site "St Petersburg RUS"]
[Date "2009.10.23"]
[Round "8"]
[White "Salov,Vi"]
[Black "Klepikov,N"]
[Result "1-0"]
[WhiteElo "2130"]
[BlackElo "1873"]

1.d4 Nf6 2.Bg5 d5 3.Bxf6 exf6 4.e3 Be7 5.c4 dxc4 6.Bxc4 O-O 7.Nd2 Nd7 8.Ne2 Nb6
9.Bd3 c5 10.Qc2 h6 11.dxc5 Bxc5 12.O-O Bg4 13.Nb3 Bxe2 14.Bxe2 Bd6 15.Rad1 Qe7
16.Bg4 Rad8 17.Nd4 Qe5 18.Nf3 Qe7 19.h4 Nd7 20.Nd4 Ne5 21.Nf5 Qc7 22.Qxc7 Bxc7
23.Bf3 Nxf3+ 24.gxf3 Be5 25.b3 Kh7 26.e4 g6 27.Ne7 Rd6 28.Rxd6 Bxd6 29.Nd5 Kg7
30.Rc1 Re8 31.b4 Re5 32.Rc8 Rh5 33.Rd8 Be5 34.Rd7 Rxh4 35.Rxb7 Rh3 36.Kg2 Rh2+
37.Kg1 Rh3 38.f4 Bd4 39.Ne3 Bxe3 40.fxe3 Rxe3 41.Rxa7 Rxe4 42.b5 Rb4 43.a4 g5
44.Ra6 h5 45.b6 g4 46.Ra5 Rxb6 47.Rxh5 Ra6 48.a5 Kf8 49.Kg2 Ke7 50.Kg3 Ke6
51.Kxg4 Ke7 52.Rb5 Kd7 53.Kf5 Ke7 54.Ke4 Kd7 55.Kd4 Kc6 56.Kc4 Kd6 57.Kb4 Kc6
58.Rf5 Kb7 59.Kb5 Rd6 60.Rc5 Rd7 61.a6+ Ka7 62.Ka5 Rd2 63.Rc7+ Ka8 64.Rxf7 Rd5+
65.Kb6 Rd6+ 66.Kc7 Rxa6 67.Kd7 Kb8 68.Ke7 Kc8 69.Rf8+ Kc7 70.Rxf6 Ra8 71.f5 Rd8
72.Re6 Rd7+ 73.Kf8 Rh7 74.Re7+  1-0

[Event "Chigorin Mem Open"]
[Site "St Petersburg RUS"]
[Date "2009.10.23"]
[Round "8"]
[White "Turov,M"]
[Black "Ju Wenjun"]
[Result "1/2-1/2"]
[WhiteElo "2595"]
[BlackElo "2443"]

1.d4 Nf6 2.Bg5 d5 3.Bxf6 exf6 4.e3 c6 5.g3 Bd6 6.Bg2 Be6 7.Nd2 Nd7 8.Ne2 f5
9.O-O Nf6 10.c4 dxc4 11.Qc2 O-O 12.Nxc4 Bc7 13.Rac1 g6 14.b4 Bd5 15.Bxd5 Qxd5
16.Qb3 a6 17.Na5 Qf3 18.Qd1 Bxa5 19.bxa5 Qd5 20.Qa4 Rfe8 21.Nf4 Qd6 22.Rb1 Re7
23.Qb4 Rd8 24.Rfc1 Qxb4 25.Rxb4 Nd5 26.Rbc4 Nxf4 27.gxf4 Rd5 28.Rc5  1/2-1/2

[Event "4NCL 2009-10"]
[Site "Sunningdale ENG"]
[Date "2009.10.24"]
[Round "1"]
[White "Ledger,S"]
[Black "Knott,S"]
[Result "1/2-1/2"]
[WhiteElo "2106"]
[BlackElo "2348"]

1.d4 Nf6 2.Bg5 c5 3.Bxf6 gxf6 4.d5 Qb6 5.Qc1 f5 6.g3 Bg7 7.c3 d6 8.Bg2 Nd7
9.Nd2 Nf6 10.Nh3 h5 11.Nf4 h4 12.Qc2 hxg3 13.hxg3 Rxh1+ 14.Bxh1 Bd7 15.Nc4 Qa6
16.Ne3 O-O-O 17.Nxf5 Bxf5 18.Qxf5+ Kb8 19.Bf3 Rh8 20.Qd3 Qxd3 21.Nxd3 Nd7
22.O-O-O Ne5 23.Nxe5 Bxe5 24.Rh1 Rxh1+ 25.Bxh1 Kc7 26.f4 Bg7 27.Bf3 e6 28.Bh5 exd5
29.Bxf7 d4 30.c4 d3 31.e3 a6 32.Kd2 Bxb2 33.Kxd3 Kd8 34.g4 b5 35.g5 Ke7 36.Bd5 b4
37.f5 a5 38.Kc2 Be5 39.Kb3 Kf8 40.Ka4 Bg3 41.Kxa5 Bh4 42.g6 Bf6 43.Kb6 Ke7
44.Kc6 Bg7 45.Be6 Bf6 46.Kd5 Be5  1/2-1/2

[Event "Open"]
[Site "Liberec CZE"]
[Date "2009.10.29"]
[Round "7"]
[White "Heinzel,O"]
[Black "Goluch,P"]
[Result "1/2-1/2"]
[WhiteElo "2341"]
[BlackElo "2149"]

1.d4 Nf6 2.Bg5 c5 3.d5 Qb6 4.Nc3 h6 5.Bd2 g6 6.e4 d6 7.f4 Bg7 8.Nf3 O-O 9.Bc4 e6
10.dxe6 Bxe6 11.Bxe6 fxe6 12.e5 Nd5 13.O-O Nc6 14.Nh4 Nce7 15.exd6 Qxd6 16.Nb5 Qc6
17.c4 Nf6 18.Qe2 a6 19.Nc3 Nh7 20.Rae1 Nf5 21.Nf3 Nd4 22.Nxd4 cxd4 23.Ne4 Qxc4
24.Qxc4  1/2-1/2

[Event "8th TCh-Eur w"]
[Site "Novi Sad SRB"]
[Date "2009.10.29"]
[Round "8"]
[White "Mamedjarova,Z"]
[Black "Dembo,Y"]
[Result "0-1"]
[WhiteElo "2285"]
[BlackElo "2482"]

1.d4 Nf6 2.Bg5 d5 3.Nd2 c5 4.dxc5 Na6 5.Bxf6 gxf6 6.e4 d4 7.Qh5 Qa5 8.Bc4 e6
9.Nf3 b5 10.Be2 Nxc5 11.O-O Bd7 12.Rfd1 Qb6 13.Nxd4 e5 14.Nf5 Ne6 15.Qh4 Nf4
16.Bf1 h5 17.Ne3 Rg8 18.Nd5 Nxd5 19.exd5 Rg4 20.Qxh5 Rf4 21.Nf3 Bg4 22.Qh7 O-O-O
23.Qxf7 Bc5 24.a4 e4 25.axb5 Bxf2+ 26.Kh1 exf3 27.Rd3 Qb7 28.Qg6 Bf5 29.Rc3+ Kb8
30.Qxf6 Qd7 31.Qe5+ Qd6 32.Qxd6+ Rxd6 33.gxf3 Rh6 34.Kg2 Bd4 35.Rc6 Rh8 36.Bd3 Bd7
37.Rg6 Rfh4 38.Rh1 Be5 39.Kf2 Bd4+ 40.Kg2 Be5 41.Kf2 Bxb2 42.Be4 Bd4+ 43.Kg2 Be5
44.Rg5 Bd6 45.Rg6 Bf4 46.c4 Rc8 47.Bd3 Be5 48.Rg5 Bf6 49.Rg6 Bc3 50.Rc1 Bd2
51.Rd1 Rch8 52.Rh1 Rd4 53.Be4 Bf4 54.h4 Rxc4 55.b6 a5 56.Rg7 Ra4 57.Bb1 Rb4
58.Rf1 Rb2+ 59.Rf2 Bh3+ 60.Kxh3 Rxf2 61.Rf7 Rh2+ 62.Kg4 R2xh4+ 63.Kf5 Bd6
64.Ke6 R4h6+ 65.Kd7 Bc5 66.Be4 Rd6+ 67.Ke7 a4 68.Rf4 Rxb6+ 69.Kd7 Rd6+ 70.Ke7 Rg6+  0-1

[Event "III It"]
[Site "Sitges ESP"]
[Date "2009.11.01"]
[Round "9"]
[White "Fernandez Aguado,E"]
[Black "Gonzalez,Ra"]
[Result "1-0"]
[WhiteElo "2354"]
[BlackElo "2327"]

1.d4 Nf6 2.Bg5 d5 3.Bxf6 gxf6 4.e3 e6 5.c4 c6 6.Nc3 Nd7 7.Bd3 f5 8.Nf3 Bd6
9.O-O a6 10.Qb3 Nf6 11.cxd5 cxd5 12.Ne5 Ng4 13.Qa4+ Kf8 14.Nxg4 fxg4 15.e4 dxe4
16.Nxe4 Be7 17.Rfe1 Bd7 18.Qd1 Bc6 19.Bc4 h5 20.Qd2 Rc8 21.Bb3 Kg7 22.Rad1 Rh6
23.Qf4 Qc7 24.Qe3 Bxe4 25.Qxe4 Bd6 26.d5 Rf6 27.dxe6 fxe6 28.Bxe6 Rcf8 29.Rd5 Re8
30.Rg5+ Kh6 31.Rxh5+ Kxh5 32.Bxg4+ Kg5 33.Qxe8 Bxh2+ 34.Kh1 Qh7 35.Bh3 Bf4
36.Qc8 Qd3 37.Qg4+ Kh6 38.Rd1 Qc2 39.g3 Bc7 40.Bg2 Qxf2 41.Qh4+ Kg7 42.Rd7+ Rf7
43.Qg5+ Kf8 44.Rxc7  1-0

[Event "13th OIBM"]
[Site "Bad Wiessee GER"]
[Date "2009.11.02"]
[Round "3"]
[White "Klimpel,T"]
[Black "Feige,M"]
[Result "0-1"]
[WhiteElo "2159"]
[BlackElo "2417"]

1.d4 Nf6 2.Bg5 g6 3.Nc3 d5 4.Bxf6 exf6 5.Nf3 Bg7 6.g3 O-O 7.Bg2 Re8 8.O-O c6
9.Re1 f5 10.e3 Be6 11.Ne2 Nd7 12.a4 a5 13.Nf4 Nf6 14.Ne5 Ne4 15.Nfd3 f6 16.Nf3 Bf8
17.Nd2 Bf7 18.c3 Ra7 19.Qc2 Qd7 20.b3 b6 21.Rec1 c5 22.dxc5 bxc5 23.Rd1 d4
24.exd4 cxd4 25.cxd4 Qxd4 26.Nxe4 fxe4 27.Nb2 Qb4 28.Nc4 f5 29.Rd2 Bh6 30.Rd6 e3
31.fxe3 Bxe3+ 32.Kh1 Bc5 33.Rd3 Re1+  0-1